Principles of CMOS VLSI design (Record no. 2744)

000 -LEADER
fixed length control field 00701nam a2200229 a 4500
001 - CONTROL NUMBER
control field 2744
003 - CONTROL NUMBER IDENTIFIER
control field BD-DhUET
008 - FIXED-LENGTH DATA ELEMENTS--GENERAL INFORMATION
fixed length control field 920421s1993 mauaf b 001 0 eng
020 ## - INTERNATIONAL STANDARD BOOK NUMBER
International Standard Book Number 0201533766
040 ## - CATALOGING SOURCE
Original cataloging agency DLC
Transcribing agency DLC
Modifying agency BD-DhUET
082 00 - DEWEY DECIMAL CLASSIFICATION NUMBER
Classification number 623.8173
Item number WES/1992
100 1# - MAIN ENTRY--PERSONAL NAME
Personal name Weste, Neil H. E.
245 10 - TITLE STATEMENT
Title Principles of CMOS VLSI design
Remainder of title a systems perspective
Statement of responsibility, etc. by Neil H.E. Weste and Kamran Eshraghian
250 ## - EDITION STATEMENT
Edition statement 2nd ed.
260 ## - PUBLICATION, DISTRIBUTION, ETC. (IMPRINT)
Place of publication, distribution, etc. New York
Name of publisher, distributor, etc. Addison-Wesley Publishing
Date of publication, distribution, etc. 1993
300 ## - PHYSICAL DESCRIPTION
Extent xxii, 713 p.
490 ## - SERIES STATEMENT
Series statement The VLSI system series
504 ## - BIBLIOGRAPHY, ETC. NOTE
Bibliography, etc Includes bibliographies
650 #0 - SUBJECT ADDED ENTRY--TOPICAL TERM
Topical term or geographic name as entry element Integrated circuits- VLSI-Design and construction
700 ## - ADDED ENTRY--PERSONAL NAME
Personal name Eshraghian, Kamran
942 ## - ADDED ENTRY ELEMENTS (KOHA)
Koha item type General Book
Holdings
Koha issues (times borrowed) Koha date last seen Source of classification or shelving scheme Sublocation or collection (holding branch) Koha full call number Copy number Koha item type Price effective from Koha normalized classification for sorting Lost status Date acquired Shelving location Piece designation (barcode) Damaged status Location (home branch) Koha date last borrowed Withdrawn status Not for loan
 2014-09-30 Central Library, BUET623.8173/WES/19931General Book2014-09-30623_817300000000000_WES_1993 2014-09-30Circulation section107718 Central Library, BUET   
12015-01-10 Central Library, BUET623.8173/WES/19932General Book2014-09-30623_000000000000000_8173WES199 2014-09-30Circulation section107801 Central Library, BUET2014-12-13  
 2014-10-29 Central Library, BUET623.8173/WES/19933General Book2014-10-29623_000000000000000_8173WES199 2014-10-29Circulation section91121 Central Library, BUET   
 2014-10-29 Central Library, BUET623.8173/WES/19934General Book2014-10-29623_817300000000000_WES_1993 2014-10-29Circulation section91119 Central Library, BUET   
 2014-11-01 Central Library, BUET623.8173/WES/19925General Book2014-11-01623_000000000000000_8173WES199 2014-11-01Circulation section91120 Central Library, BUET   
12018-08-27 Central Library, BUET623.8173/WES/19926General Book2014-11-01623_000000000000000_8173WES199 2014-11-01Circulation section91124 Central Library, BUET2018-08-14  
 2017-01-01 Central Library, BUET623.8173/WES/19937General Book2014-11-09623_000000000000000_8173WES199 2014-11-09Circulation section91123 Central Library, BUET   
 2015-07-02 Central Library, BUET623.8173/WES/19938Reading Item2015-07-02623_817300000000000_WES_1993 2015-07-02Reading section90588 Central Library, BUET   
 2019-01-30 Central Library, BUET623.8173/WES/19939General Book2019-01-30623_817300000000000_WES_1993 1997-04-28Circulation section91122 Central Library, BUET